| 000 | 00868nam a2200265 a 4500 | ||
|---|---|---|---|
| 001 | BRL_1001 | ||
| 005 | 20190320211004.0 | ||
| 008 | 301013s1971----mx-a######---#000-0#spa-# | ||
| 041 | _aspa | ||
| 044 | _amx | ||
| 050 | 4 |
_aF1219 _b.S68 1971 |
|
| 100 | 1 |
_aSoustelle, Jacques _d1912- _925531 |
|
| 245 | 1 | 0 |
_aMéxico, tierra india _cJacques Soustelle ; prólogo de Paul Rivet ; Traducción de Rodolfo Usigli. |
| 260 |
_aMéxico _bSecretaría de Educación Pública _c1971 |
||
| 300 |
_a296 p. _bil. _c17 cm. |
||
| 440 | 0 |
_aSepsetentas _v10 _922717 |
|
| 500 | _aAu1116 | ||
| 650 | 1 | 4 |
_aIndígenas de México _xVida social y costumbres _910614 |
| 650 | 1 | 4 |
_aIndígenas de México _xAntigüedades _9509 |
| 651 | 4 |
_aMéxico _xDescripción y viajes _9103 |
|
| 700 | 1 |
_aRivet, Paul _epról. _925532 |
|
| 700 | 1 |
_aUsigli, Rodolfo _etr. _925533 |
|
| 902 | _aGRL | ||
| 942 |
_2lcc _cB |
||
| 999 |
_c9813 _d9813 |
||